000
00200nam a22000977a 4500
008
210707s2005 xx 000 0 und d
041
_a
eng
082
_a
052 DEEK
245
_a
Deeksha
260
_c
2005
999
_c
179723
_d
179723